Cavalerie rouge / (Record no. 27774)

MARC details
000 -LEADER
campo de control de longitud fija 00719nam a2200217 i 4500
001 - NÚMERO DE CONTROL
campo de control 27774
003 - IDENTIFICADOR DE NÚMERO DE CONTROL
campo de control ES-MaACL
005 - FECHA Y HORA DE LA ÚLTIMA TRANSACCIÓN
campo de control 20230906153715.0
007 - CAMPO FIJO DE DESCRIPCIÓN FÍSICA--INFORMACIÓN GENERAL
campo de control de longitud fija t|
008 - DATOS DE LONGITUD FIJA--INFORMACIÓN GENERAL
campo de control de longitud fija 030115s1930 fr ||||1| fre d
100 1# - ENTRADA PRINCIPAL--NOMBRE DE PERSONA
Nombre de persona Babel', Isaak Emmanuilovich.
9 (RLIN) 24410
245 10 - MENCIÓN DEL TÍTULO
Título Cavalerie rouge /
Mención de responsabilidad, etc. Isaak Emmanuilovich ; traduit du russe avec une introduction par Maurice Parijanine.
250 ## - MENCION DE EDICION
Mención de edición 2eme ed.
260 ## - PUBLICACIÓN, DISTRIBUCIÓN, ETC.
Lugar de publicación, distribución, etc. Paris :
Nombre del editor, distribuidor, etc. Rieder,
Fecha de publicación, distribución, etc. 1930 (
Fabricante Imp. Française de Musique)
300 ## - DESCRIPCIÓN FÍSICA
Extensión 262 p. ;
Dimensiones 19 cm.
490 1# - MENCIÓN DE SERIE
Mención de serie Les prosateurs etrangers modernes
700 1# - ENTRADA AGREGADA--NOMBRE PERSONAL
Nombre de persona Parijanine, Maurice.
9 (RLIN) 89128
830 0# - PUNTO DE ACCESO ADICIONAL DE SERIE-TÍTULO UNIFORME
Título uniforme Les prosateurs etrangers modernes
9 (RLIN) 187340
852 ## - LOCALIZACIÓN
Ubicación ES-MaACL
Número de control de estantería A-2117
Sublocalización o colección R.13221
Holdings
Estatus retirado Estado de pérdida Estado de daño No para préstamo Biblioteca de origen Biblioteca actual Ubicación en estantería Fecha de adquisición Fuente de adquisición Total de préstamos Signatura topográfica completa Código de barras Visto por última vez Precio de reemplazo Tipo de ítem Koha
        Biblioteca del Ateneo de Madrid Biblioteca del Ateneo de Madrid Sala Pecera Planta 1 17/01/2008     A-2117 1028680 23/02/2023 23/02/2023 Libro impreso